00454nam a22001577a 450000500170000001000150001702000260003203500140005803700130007208200060008510000180009124500430010926000440015227000800019630000200027620150825113243.0 aENG-113553 c499.00a9789350099360 aEN- 97085 bDBAD/PUB aN aRoy, Anuradha aSleeping on Jupiter /cby Anuradha Roy aGurgaonbHachette Book Publishingc2015 a4th & 5th Floors, Corporate Center, Plot No. 94, Sector 44bGurgaone122003 a250p.c22cm(Hb)